Microsoft Access pro Windows 95 : Odborný průvodce /

Gespeichert in:
Bibliographische Detailangaben
1. Verfasser: Viecas, John L (Verfasst von)
Format: Buch
Sprache:Tschechisch
Veröffentlicht: Praha : Computer Press, 1997
Schlagworte:
Tags: Tag hinzufügen
Keine Tags, Fügen Sie das erste Tag hinzu!

MARC

LEADER 00000nam a22000003a 4500
001 stu10149
005 20150617225803.4
008 971017s1997----xr------------------cze-d
020 |a 80-85896-80-X 
040 |a STU  |b slo 
041 0 |a cze 
044 |a xr 
080 |a 681.32.06 MS ACCESS 
080 |a 519.68 
084 |a C6160  |2 INS  |7 stu_us_auth*stu16331 
084 |a C6130  |2 INS 
084 |a C7104  |2 INS 
100 1 |a Viecas, John L  |4 aut 
245 1 |a Microsoft Access pro Windows 95 :  |b Odborný průvodce /  |c [aut.] Viecas,John L 
260 |a Praha :  |b Computer Press,  |c 1997 
300 |a 821 s 
650 7 |a dátabázové systémy  |2 stusub 
650 7 |a programové systémy  |2 stusub 
650 7 |a počítačové programy  |2 stusub 
996 |b 284M054581  |c M*9954-1  |l MMKN  |s A  |a 24  |w stu10149_0001 
996 |b E81392  |c E*81392  |l EE09  |s P  |a 0  |w stu10149_0003